书目信息 |
| 题名: |
建筑构造与制图
|
|
| 作者: | 朱锋盼 , 郑朝灿 主编 | |
| 分册: | ||
| 出版信息: | 北京 机械工业出版社 2021 |
|
| 页数: | 197页 | |
| 开本: | 26cm | |
| 丛书名: | ||
| 单 册: | ||
| 中图分类: | TU22 , TU22 | |
| 科图分类: | ||
| 主题词: | 建筑构造--jian zhu gou zao--高等职业教育--教材 , 建筑制图--jian zhu zhi tu--高等职业教育--教材 | |
| 电子资源: | ||
| ISBN: | 978-7-111-68926-3 | |
| 000 | 01193nam0 2200289 450 | |
| 001 | 011025150703 | |
| 005 | 20221025150703.0 | |
| 010 | @a978-7-111-68926-3@dCNY42.00 | |
| 039 | @aA310000SHL@bUCS01004210114@c01002021238012 | |
| 100 | @a20201004d2021 em y0chiy50 ea | |
| 101 | 0 | @achi |
| 102 | @aCN@b110000 | |
| 105 | @aa z 000yy | |
| 106 | @ar | |
| 200 | 1 | @a建筑构造与制图@Ajian zhu gou zao yu zhi tu@f朱锋盼, 郑朝灿主编 |
| 210 | @a北京@c机械工业出版社@d2021 | |
| 215 | @a197页@d26cm | |
| 300 | @a高等职业教育土建类专业课程改革系列教材浙江省级精品在线开放课程配套教材 | |
| 330 | @a本书介绍了低层的传达室建筑、多层的住宅楼建筑、高层的办公楼建筑和大跨度的厂房建筑四个不同形式建筑的施工图识读与绘制,内容上融合了建筑识图、建筑构造、CAD制图的主体知识,将建筑投影、制图标准、建筑构造等相对零散的知识以施工图绘制为主线展开讲解,力求实现“教、学、做”一体化。 | |
| 606 | 0 | @a建筑构造@Ajian zhu gou zao@x高等职业教育@j教材 |
| 606 | 0 | @a建筑制图@Ajian zhu zhi tu@x高等职业教育@j教材 |
| 690 | @aTU22@v5 | |
| 690 | @aTU22@v5 | |
| 701 | 0 | @a朱锋盼@Azhu feng pan@4主编 |
| 701 | 0 | @a郑朝灿@Azheng chao can@4主编 |
| 801 | 0 | @aCN@c20221025 |
| 905 | @a河南城建学院图书馆@dTU22@eZ844 | |
| 建筑构造与制图/朱锋盼, 郑朝灿主编.-北京:机械工业出版社,2021 |
| 197页;26cm |
| 高等职业教育土建类专业课程改革系列教材浙江省级精品在线开放课程配套教材 |
| ISBN 978-7-111-68926-3:CNY42.00 |
| 本书介绍了低层的传达室建筑、多层的住宅楼建筑、高层的办公楼建筑和大跨度的厂房建筑四个不同形式建筑的施工图识读与绘制,内容上融合了建筑识图、建筑构造、CAD制图的主体知识,将建筑投影、制图标准、建筑构造等相对零散的知识以施工图绘制为主线展开讲解,力求实现“教、学、做”一体化。 |
| ● |
| 相关链接 |
|
|
|
正题名:建筑构造与制图
索取号:TU22/Z844
 
预约/预借
| 序号 | 登录号 | 条形码 | 馆藏地/架位号 | 状态 | 备注 |
| 1 | 1585075 | 215850755 | 建筑库101/101建筑库 46排4列4层/ [索取号:TU22/Z844] | 在馆 | |
| 2 | 1585076 | 215850764 | 建筑库101/101建筑库 46排4列4层/ [索取号:TU22/Z844] | 在馆 |